000 00688nam a2200229Ia 4500
003 OSt
005 20220928105148.0
006 a|||||r|||| 00| 0
007 ta
008 220927b |||||||| |||| 00| 0 eng d
024 _a127164
037 _cTextual
040 _aSDCL
_cSDCL
_beng
041 _2eng
_aeng
082 _aB396M3g, M3 RR
100 _aMarichev O I
_9414134
245 0 _aHandbook of integral transforms of higher transcendental functions
_b Theory and algorithmic tables.
260 _aChichester
_bEllis Horwood
_c1983
300 _a336p.
_ccm.
942 _hB396M3g, M3 RR
_cTEXL
_2CC
999 _c729949
_d729949